=LDR 00000nam 2200000 4500 =001 INLIS000000000020517 =005 20130612115456 =008 ***********************************Ind** =035 ##$$0010-061300000020517 =041 ##$$a Ind =082 ##$$a 380.102 6 =090 ##$$a 380.102 6, Ind h =100 ##$$a Indonesia.Undang-Undang dan Peraturan =245 ##$$a Himpunan pelaksanaan undang-undang perdagangan berjangka komoditi, dihimpun oleh Redaksi Grafika =260 ##$$a 2002 $b Jakarta =300 ##$$a ix, 362 hlm, 21 cm =650 ##$$a Perdagangan-Undang-Undang dan Peraturan =850 ##$$a NBPNMAT